ՀՀ Գիտությունների ազգային ակադեմիայի հիմնարար գիտական գրադարան  =   Fundamental Scientific Library of NAS RA

Проблема сатиры в революционно-демократической эстетике / (Record no. 529927)

MARC details
000 -LEADER
fixed length control field 00751nam a22002177a 4500
003 - CONTROL NUMBER IDENTIFIER
control field AM-YEHGA
005 - DATE AND TIME OF LATEST TRANSACTION
control field 20250617164818.0
008 - FIXED-LENGTH DATA ELEMENTS--GENERAL INFORMATION
fixed length control field 220405b ||||| |||| 00| 0 rus d
040 ## - CATALOGING SOURCE
Original cataloging agency AM-YeHGA
041 0# - LANGUAGE CODE
Language code of text/sound track or separate title rus
001 - CONTROL NUMBER
control field 1827411
090 ## - LOCALLY ASSIGNED LC-TYPE CALL NUMBER (OCLC); LOCAL CALL NUMBER (RLIN)
-- 568414
100 1# - MAIN ENTRY--PERSONAL NAME
Personal name Дзеверин, Игорь Александрович.
245 10 - TITLE STATEMENT
Title Проблема сатиры в революционно-демократической эстетике /
Statement of responsibility, etc. И. Дзеверин
260 ## - PUBLICATION, DISTRIBUTION, ETC.
Place of publication, distribution, etc. Киев :
Name of publisher, distributor, etc. Изд-во АН УССР,
Date of publication, distribution, etc. 1962
300 ## - PHYSICAL DESCRIPTION
Extent 239 с.
653 0# - INDEX TERM--UNCONTROLLED
Uncontrolled term Сатира
653 0# - INDEX TERM--UNCONTROLLED
Uncontrolled term Русская литература, 19 в.
653 0# - INDEX TERM--UNCONTROLLED
Uncontrolled term Русские революционные демократы
942 ## - ADDED ENTRY ELEMENTS (KOHA)
Source of classification or shelving scheme Universal Decimal Classification
Koha item type Գրքեր / Books
Holdings
Withdrawn status Lost status Damaged status Not for loan Collection Home library Current library Date acquired Total checkouts Full call number Barcode Date last seen Price effective from Koha item type Public note
        General Fundamental Scientific Library Fundamental Scientific Library 05/04/2022   РII/73125 FL0676176 05/04/2024 05/04/2022 Գրքեր / Books 30 Days Loan


ՀՀ ԳԱԱ հիմնարար գիտական գրադարան
ՀՀ,Երևան 0019
Մարշալ Բաղրամյան 24/6
հեռախոս:(374-10) 52-47-50
Հետադարձ կապ

All site content, except where otherwise noted, is licensed under a
Creative Commons License